Biblioteca

Winter past : (Registro nro. 69374)

Detalles MARC
000 -LÍDER
Campo fijo de descripción fija 00876nam a2200193 4500
001 - NÚMERO DE CONTROL
Campo de control 768714001
003 - IDENTIFICADOR DEL NÚMERO DE CONTROL
Campo de control CO-MdFUSB
005 - FECHA Y HORA DE LA ULTIMA TRANSACCIÓN
control field 20240426092449.0
008 - ELEMENTOS DE LONGITUD FIJA -- INFORMACIÓN GENERAL
Campo fijo de descripción fija -- Información general 240425t1980 us ||||| |||| 00| 0 eng d
040 ## - FUENTE DE CATALOGACIÓN
Idioma de catalogación spa
Agencia que realiza la transcripción CO-MdFUSB
Agencia que realiza la modificación CO-MdFUSB
041 ## - CÓDIGO DE IDIOMA
Código de idioma para texto/pista de sonido o título separado eng
100 ## - ASIENTO PRINCIPAL--NOMBRE PERSONAL
Nombre personal Smith, Nancy Anne,
Término relacionador autor
245 ## - TÍTULO
Título Winter past :
Subtitulo a struggle for emotional health
Mención de responsabilidad / Nancy Anne Smith
300 ## - DESCRIPCIÓN FÍSICA
Extensión Volumen 1, número 4 (fall, 1980), páginas: 102 - 120
520 ## - NOTA DE RESUMEN, ETC.
Nota de sumario, etc. Este artículo "Invierno pasado: una lucha por la salud emocional" (traducción en español). Cuenta la dramática historia de cómo una joven encontró la plenitud emocional gracias a la ayuda de un consejero cristiano.<br/>
653 ## - TÉRMINO DE INDIZACIÓN - NO CONTROLADO
Término no controlado Salud emocional
773 0# - ASIENTO DE ITEM FUENTE
Biblionumber 68780
Itemnumber 82546
Otro identificador del ítem R2480
Título Leadership :
Número de control del registro (CO-MdFUSB)768714001
Parte(s) relacionada(s) / Volumen., número. (mes año), páginas Volumen 1, número 4 (fall, 1980), páginas: 102 - 120
Enumeración y primera página página: 102
942 ## - TIPO DE MATERIAL (KOHA)
Tipo de Item KOHA Artículos de Revista

No hay ítems disponibles.

Biblioteca FUSBC | Teléfono: (57+4) 349 88 10 Ext. 141| WhatsApp (+57) 3005338115 
E-mail: biblioteca@unisbc.edu.co | Calle 76 87-14 Robledo Palenque, Medellín, Colombia

Con tecnología Koha